Joueurs de football par images - A - Statistiques

Statistiques générales
  • Ce quiz a été pris 2 115 fois
  • Le résultat moyen est 13 sur 20
Statistiques - réponses
Par images Réponse % Correct
Pierre-Emerick Aubameyang
95%
Sergio Agüero
95%
David Alaba
93%
Trent Alexander-Arnold
90%
Jordi Alba
88%
Xabi Alonso
85%
Antony
81%
Houssem Aouar
80%
Dele Alli
79%
Sofyan Amrabat
76%
Cesar Azpilicueta
73%
Adriano
62%
Marko Arnautović
54%
Ludovic Ajorque
48%
Toby Alderweireld
47%
Andreï Archavine
42%
Carlos Alberto
36%
Emmanuel Adebayor
32%
Manuel Amoros
15%
Hamit Altintop
14%
Aucun quiz correspondant
Distribution des résultats
% des personnes avec chaque résultat
Percentile par nombre de réponses
Votre historique - résultats
Vous n’avez pas pris ce quiz